Giuridizione canonica e giuridizione civile: cooperazione e concorso in materia matrimoniale

Zapisane w:
Opis bibliograficzny
Główni autorzy: Berlingo, Salvatore (Autor), Scalisi, Vincenzo (Autor)
Format: Książka
Język:włoski
Wydane: Milán Giuffré 1994
Hasła przedmiotowe:
Etykiety: Dodaj etykietę
Nie ma etykietki, Dołącz pierwszą etykiete!

MARC

LEADER 00000nam a2200000 a 4500
001 UCR8376
003 CL-VaPUC
008 980529e19940000IT |||||||||||||||||ita|d
082 0 4 |a 262.9  |b BER  |2 21 
100 |a Berlingo, Salvatore  |e author  |9 410025 
700 0 |a Scalisi, Vincenzo  |e author  |9 410026 
245 1 0 |a Giuridizione canonica e giuridizione civile: cooperazione e concorso in materia matrimoniale 
300 |a 362 p 
942 |c BK 
945 |d 19980529 00:00:00  |a mvenant 
260 |a Milán  |b Giuffré  |c 1994 
650 7 |a DERECHO CANONICO  |2 CL-VaPUC  |9 410027 
650 0 |a Derecho civil  |9 255013 
650 7 |a MATRIMONIO  |2 CL-VaPUC  |9 410028 
650 0 |a Aspectos jurídicos  |9 328188 
583 |a last modification  |c 19980529 00:00:00  |k Rodrigo Vera 
999 |c 269786  |d 269784 
952 |0 0  |1 0  |4 0  |6 262_900000000000000_BER_1994  |7 0  |8 A  |9 303790  |a BIBDER  |b BIBDER  |d 2019-11-20  |i 342958K  |o 262.9 BER 1994  |p 342958K  |r 2023-01-25  |w 2019-11-20  |y BK  |k DER